00781nam a2200193 i 450000100060000000300090000600500170001500700030003200800410003510000370007624500910011326000800020430000290028450000720031371000440038585200210042999900170045095201200046779782ES-MaACL20230906174042.0t|041025s1907 ag ||||1| spa d1 aHerrero Ducloux, Enrique.96330810aAguas minerales alcalinas de la República Argentina / cpor Enrique Herrero Ducloux. aBuenos Aires : bUniversidad Nacional de La Plata, c1907 (fConi Hermanos) a23 h. : bil. ; c28 cm. aEs separata de: "Revista del Museo de la Plata", tom. XIV, p. 9-52.2 aUniversidad Nacional de La Plata.97422 aES-MaACLjG-7762 c79782d79782 00104070aATENEOMbATENEOMcSPP3d2008-01-17eSCl0oG-7762p1083423r2023-02-23 00:00:00w2023-02-23yMONOGRAFIA